| 000 | 01538nam0a2200337 i 4500 | ||
|---|---|---|---|
| 001 | RU\NLR\BIBL_A\010355246 | ||
| 005 | 20240921170149.0 | ||
| 010 |
_a9785802114155 _9200 |
||
| 021 |
_aRU _b2014-17465 _91101 |
||
| 035 | _a(NILC)LIBNET\0000298387 | ||
| 035 | _a(NLR Aleph) 010355246 | ||
| 090 |
_a10760681 _c10760681 |
||
| 100 | _a20140512d2012 k y0rusy50 ca | ||
| 101 | 0 |
_arus _deng |
|
| 102 | _aRU | ||
| 105 | _ay|||z|||001yy | ||
| 200 | 1 |
_aИсторическое краеведение Карелии в 1917-1939 гг. _fК.В. Шафранская _gМ-во образования и науки Рос. Федерации, Федер. гос. бюджет. образоват. учреждение высш. проф. образования Петрозав. гос. ун-т |
|
| 210 |
_aПетрозаводск _cИзд-во ПетрГУ _d2012 |
||
| 215 |
_a158 с. _d20 |
||
| 300 | _aРез. на англ. яз. | ||
| 320 | _aБиблиогр.: с. 128-144 (399 назв.) и в примеч. в конце гл. | ||
| 606 | 1 |
_aКраеведение историческое _yКарельская АССР _z1917 - 1939 _92220918 _3RU\NLR\AUTH\6601566761 |
|
| 686 |
_a63.3(2Рос.Кар)г _vLBC/M _2rubbk |
||
| 686 | _aТ1(2Р-6Кар)71,02 | ||
| 686 | 1 | _aТ3(2Р-6Кар)0,02 | |
| 700 | 1 |
_aШафранская _bК. В. _gКсения Валериевна |
|
| 801 | 0 |
_aRU _bНБР Карелия _c20121213 _grcr |
|
| 942 | _cBOOK | ||
| 980 | _aNBR | ||